Paper & books in ancient Egypt

محفوظ في:

المؤلف الرئيسي: Jaroslav Černý

التنسيق: كتاب

اللغة: Undetermined

منشور في: Chicago Ares Publishers, 1985

الوسوم: إضافة وسم

لا توجد وسوم, كن أول من يضع وسما على هذه التسجيلة!

رقم الطلب: (P)Z112 .C47 1985

LEADER 00318nam a2200121Ia 4500
008 240503s9999||||xx |||||||||||||| ||und||
050 4 |a (P)Z112 .C47 1985 
100 1 |a Jaroslav Černý 
245 1 0 |a Paper & books in ancient Egypt  
264 1 |a Chicago  |b Ares Publishers,  |c 1985 
300 |a 36  |c 20 
942 |2 lcc  |c PT 
999 |c 58268  |d 58268